ნორმალური ფორმატი
MARC ფორმატი
ჩანაწერი Personal Name
ჩანაწერთა რაოდენობა, რომელიც გამოყენებულია: 2
001 - CONTROL NUMBER
- control field: 2494
003 - CONTROL NUMBER IDENTIFIER
- control field: GE_BSU
005 - DATE AND TIME OF LATEST TRANSACTION
- control field: 20190614145655.0
008 - FIXED-LENGTH DATA ELEMENTS
- fixed length control field: 190614|| aca||aabn | a|a d
040 ## - CATALOGING SOURCE
- Original cataloging agency: GE_BSU
- Transcribing agency: GE_BSU
100 ## - HEADING--PERSONAL NAME
- Personal name: კომპანიონი , ჟ.
- Relator term: შემდგენელი
670 ## - SOURCE DATA FOUND
- Source citation: Work cat.: (GE_BSU)39222: მოცემულობა და მეთოდური მითითებები საკურსო პროექტის შესასრულებლად მშენებლობის ორგანიზაციის დაგეგმვისა და მართვის კურსში /
